Welcome to WEB OPAC of MRSPTU Central Library

The 8051 microcontroller and embedded systems (Record no. 4836)

MARC details
000 -LEADER
fixed length control field 00426nam a2200169Ia 4500
008 - FIXED-LENGTH DATA ELEMENTS--GENERAL INFORMATION
fixed length control field 230711s9999||||xx |||||||||||||| ||und||
041 ## - LANGUAGE CODE
Language code of text/sound track or separate title ENG
082 ## - DEWEY DECIMAL CLASSIFICATION NUMBER
Classification number 4
Item number MA-T
100 ## - MAIN ENTRY--PERSONAL NAME
Personal name Mazidi,Muhammad Ali
245 #4 - TITLE STATEMENT
Title The 8051 microcontroller and embedded systems
250 ## - EDITION STATEMENT
Edition statement 2nd . . Ed.
260 ## - PUBLICATION, DISTRIBUTION, ETC.
Date of publication, distribution, etc. 2008
Place of publication, distribution, etc. New Delhi
Name of publisher, distributor, etc. Pearson
300 ## - PHYSICAL DESCRIPTION
Extent 547
650 ## - SUBJECT ADDED ENTRY--TOPICAL TERM
Topical term or geographic name entry element Computer Engineering
700 ## - ADDED ENTRY--PERSONAL NAME
Personal name Rolin D.Mckinlay
942 ## - ADDED ENTRY ELEMENTS (KOHA)
Koha item type Book
Holdings
Withdrawn status Lost status Damaged status Not for loan Collection Home library Current library Date acquired Total checkouts Full call number Barcode Date last seen Price effective from Koha item type
          MRSPTU Central Library MRSPTU Central Library     4 MA-T 17096 08/17/2023 08/17/2023 Book
          MRSPTU Central Library MRSPTU Central Library     4 MA-T 17097 08/17/2023 08/17/2023 Book
          MRSPTU Central Library MRSPTU Central Library     4 MA-T 17098 08/17/2023 08/17/2023 Book
          MRSPTU Central Library MRSPTU Central Library     4 MA-T 17099 08/17/2023 08/17/2023 Book
          MRSPTU Central Library MRSPTU Central Library     4 MA-T 17100 08/17/2023 08/17/2023 Book
          MRSPTU Central Library MRSPTU Central Library     4 MA-T 17101 08/17/2023 08/17/2023 Book
          MRSPTU Central Library MRSPTU Central Library     4 MA-T 17102 08/17/2023 08/17/2023 Book
          MRSPTU Central Library MRSPTU Central Library     4 MA-T 17103 08/17/2023 08/17/2023 Book
          MRSPTU Central Library MRSPTU Central Library     4 MA-T 17104 08/17/2023 08/17/2023 Book
          MRSPTU Central Library MRSPTU Central Library     4 MA-T 17105 08/17/2023 08/17/2023 Book

Website Designed and Developed by MRSPTU Central Library Team

E-mail Id: librarian@mrsptu.ac.in